Innovation Processes and Their Informational Provision

Guardado en:
Detalles Bibliográficos
Autor principal: Dugas, Jaroslav, 1967-
Formato: Capítulo de libro
Lenguaje:inglés
Etiquetas: Agregar Etiqueta
Sin Etiquetas, Sea el primero en etiquetar este registro!

MARC

LEADER 00000naa$a2200000$$$4500
001 0165898
005 20240502083405.8
041 0 |a eng 
044 |a HU 
245 1 0 |a Innovation Processes and Their Informational Provision  |c Jaroslav Dugas 
100 1 |a Dugas, Jaroslav, 1967-